<?xml version="1.0" encoding="UTF-8"?>
<marc:record xmlns:marc="http://www.loc.gov/MARC21/slim">
   <marc:leader>00000nam a2200000 a 4500</marc:leader>
   <marc:datafield ind1="1" ind2=" " tag="100">
      <marc:subfield code="a">Marcolongo, Andrea</marc:subfield>
      <marc:subfield code="4">aut</marc:subfield>
      <marc:subfield code="e">Verfasser/-in</marc:subfield>
   </marc:datafield>
   <marc:datafield ind1="1" ind2=" " tag="100">
      <marc:subfield code="a">Fleischanderl, Karin</marc:subfield>
   </marc:datafield>
   <marc:datafield ind1="0" ind2="0" tag="245">
      <marc:subfield code="a">Das Meer, die Liebe, der Mut aufzubrechen</marc:subfield>
   </marc:datafield>
   <marc:datafield ind1="0" ind2="0" tag="245">
      <marc:subfield code="b">was uns die Argonautensage erzählt</marc:subfield>
   </marc:datafield>
   <marc:datafield ind1="0" ind2="0" tag="245">
      <marc:subfield code="c">Andrea Marcolongo</marc:subfield>
   </marc:datafield>
   <marc:datafield ind1=" " ind2="1" tag="264">
      <marc:subfield code="a">Wien</marc:subfield>
      <marc:subfield code="b">Folio Verlag</marc:subfield>
      <marc:subfield code="c">2020</marc:subfield>
   </marc:datafield>
   <marc:datafield ind1=" " ind2=" " tag="250">
      <marc:subfield code="a">1. Auflage</marc:subfield>
   </marc:datafield>
   <marc:datafield ind1="1" ind2=" " tag="520">
      <marc:subfield code="a">Die wunderbare Neuerzählung des griechischen Mythos fordert uns auf, den gesicherten Alltagsmodus zu verlassen und aufzubrechen ins Ungewisse: wie Jason und seine blutjungen Gefährten mit der Argo, dem ersten Boot, das die Götter schufen. Helden wollten sie werden, doch ihr Anführer ahnte nicht, dass er erst die Liebe erfahren sollte: die Liebe Medeas, die ihm mit ihren Zauberkünsten half, das Goldene Vlies zu erringen. Älter als die Odyssee, ist die Argonautensage zugleich heutiger und wird uns zur Orientierung: Nicht von Sieg oder Niederlage erzählt der berühmte griechische Mythos, sondern vom Mut, immer wieder neu aufzubrechen, vom Wagnis der Liebe und der Entschlossenheit, alle Hindernisse zu überwinden, um sein eigenes Leben zu leben.</marc:subfield>
   </marc:datafield>
   <marc:datafield ind1=" " ind2=" " tag="020">
      <marc:subfield code="a">9783852568140</marc:subfield>
      <marc:subfield code="9">9783852568140</marc:subfield>
   </marc:datafield>
   <marc:datafield ind1=" " ind2=" " tag="020">
      <marc:subfield code="a">3852568145</marc:subfield>
      <marc:subfield code="9">3852568145</marc:subfield>
   </marc:datafield>
   <marc:datafield ind1=" " ind2=" " tag="500">
      <marc:subfield code="a">Vom Mut, um in unbekannten Situationen zu bestehen</marc:subfield>
   </marc:datafield>
   <marc:datafield ind1=" " ind2=" " tag="300">
      <marc:subfield code="a">237 Seiten</marc:subfield>
   </marc:datafield>
</marc:record>
